Využitie počítačovej podpory pre návrh pneumatického zariadenia

Gespeichert in:
Bibliographische Detailangaben
1. Verfasser: Koleňák, Martin (Verfasst von)
Weitere Verfasser: Ružarovský, Roman (Betreuung Doktorarbeit)
Format: Manuskript Buch
Sprache:Slowakisch
Veröffentlicht: 2018
Schlagworte:
Online-Zugang:http://is.stuba.sk/zp/portal_zp.pl?podrobnosti=123708
Tags: Tag hinzufügen
Keine Tags, Fügen Sie das erste Tag hinzu!

MARC

LEADER 00000ntm a22000003a 4500
001 stuzp68056
003 SK-STU
005 20180820155835.0
007 ta
008 150427s2015----xo-----f-mn---000-0-slo-d
040 |a STU  |b slo 
041 0 |a slo 
100 1 |a Koleňák, Martin  |u 063000  |4 aut  |U MTF Materiálovotechnologická fakulta  |T MTF Ústav výrobných technológií  |X 80342  |U M3000  |Y 83  |7 80342 
242 0 1 |a Computer-aided design of a pneumatic device  |y eng 
245 1 0 |a Využitie počítačovej podpory pre návrh pneumatického zariadenia 
260 |c 2018 
650 4 |a konfigurácia  |2 slo 
650 4 |a pneumatika  |2 slo 
650 4 |a pneumatické prvky  |2 slo 
650 4 |a pneumatické zariadenie  |2 slo 
650 4 |a Festo Design Tool 3D  |2 slo 
650 4 |a configuration  |2 eng 
650 4 |a pneumatics  |2 eng 
650 4 |a pneumatic elements  |2 eng 
650 4 |a pneumatic device  |2 eng 
650 4 |a Festo Design Tool 3D  |2 eng 
700 1 |a Ružarovský, Roman  |u 063000  |k Z2  |4 ths  |U MTF Materiálovotechnologická fakulta  |T MTF Ústav výrobných technológií  |X 30883  |U M3000  |Y 83  |7 A000030883 
856 4 |u http://is.stuba.sk/zp/portal_zp.pl?podrobnosti=123708 
996 |c M* BP-8364  |l MMSKP  |s P  |a 0  |w stuzp68056_0001